书目信息 |
| 题名: |
户卡奇文选
|
|
| 作者: | 卢卡奇 原著 ;李鹏程 编 | |
| 分册: | ||
| 出版信息: | 北京 人民出版社 2008.08 |
|
| 页数: | 462页 | |
| 开本: | 23cm | |
| 丛书名: | 人民文库·人文科学·译著 | |
| 单 册: | ||
| 中图分类: | B515-53 | |
| 科图分类: | ||
| 主题词: | ||
| 电子资源: | ||
| ISBN: | 978-7-01-007003-2 | |
| 000 | 01071nam 2200265 450 | |
| 001 | 012009618640 | |
| 005 | 20090621104457.96 | |
| 010 | @a978-7-01-007003-2@dCNY49.00 | |
| 100 | @a20090621d2008 em y0chiy0120 ea | |
| 101 | 1 | @achi@chun |
| 102 | @aCN@b110000 | |
| 105 | @ay z 000yy | |
| 106 | @ar | |
| 200 | 1 | @a户卡奇文选@Ahu ka qi wen xuan@f(匈) 捷尔吉·卢卡奇著@F(xiong)jie er ji·lu ka qi zhu@g李鹏程编@Gli peng cheng bian |
| 210 | @a北京@c人民出版社@d2008.08 | |
| 215 | @a462页@d23cm | |
| 225 | 2 | @a人民文库·人文科学·译著@Aren min wen ku·ren wen ke xue·yi zhu |
| 330 | @a本书所选内容,大部分出自这两本著作。卢卡奇的学术经历表明他曾经接受过很多不同的甚至对立的思想的影响。用他自己的话说,他的思想和理论成果是“高度矛盾的理论混合物”。 | |
| 410 | 0 | @12001 @a人民文库·人文科学·译著 |
| 600 | 1 | @a卢卡奇@Alu ka qi@c(Lukacs, Georg),@f1885-1971@j文集 |
| 690 | @aB515-53@v4 | |
| 701 | 1 | @a卢卡奇@Alu ka qi@g(Lukacs, Georg),@f1885-1971@4原著 |
| 702 | 0 | @a李鹏程@Ali peng cheng@4编 |
| 801 | 0 | @aCN@bQSSK@c20090621 |
| 905 | @b745302-04@dB515-53@eL784@f3 | |
| 户卡奇文选/(匈) 捷尔吉·卢卡奇著/李鹏程编.-北京:人民出版社,2008.08 |
| 462页;23cm.-(人民文库·人文科学·译著) |
| ISBN 978-7-01-007003-2:CNY49.00 |
| 本书所选内容,大部分出自这两本著作。卢卡奇的学术经历表明他曾经接受过很多不同的甚至对立的思想的影响。用他自己的话说,他的思想和理论成果是“高度矛盾的理论混合物”。 |
| ● |
| 相关链接 |
|
|
|
正题名:户卡奇文选
索取号:B515-53/L784
 
预约/预借
| 序号 | 登录号 | 条形码 | 馆藏地/架位号 | 状态 | 备注 |
| 1 | 745302 | 207453021 | 社科库509/509社科库 17排1列6层/ [索取号:B515-53/L784] | 在馆 | |
| 2 | 745303 | 207453030 | 社科库509/509社科库 17排1列6层/ [索取号:B515-53/L784] | 在馆 | |
| 3 | 745304 | 207453049 | 社科库509/509社科库 17排1列6层/ [索取号:B515-53/L784] | 在馆 |